World of warcraft. Illidan /
Pokračování fantasy série ze světa videohry Warcraft. Illidanova spravedlivá vláda spravedlnosti a pomsty začala.
Uloženo v:
| Série: | World of warcraft,
část 15 |
|---|---|
| Hlavní autor: | |
| Další autoři: | |
| Médium: | E-kniha |
| Jazyk: | Czech |
| Vydáno: |
Ostrava :
Fantom Print,
2022
|
| Vydání: | 1. vydání |
| Témata: | |
| Příbuzné jednotky: | Z cyklu::
World of warcraft |
| Tagy: |
Žádné tagy |
| LEADER | 02858nam a2200469 i 4500 | ||
|---|---|---|---|
| 001 | 311655 | ||
| 003 | CZ PrSKC | ||
| 005 | 20260601215709.0 | ||
| 007 | ta | ||
| 008 | 220907s2022 xr g 000 f cze | ||
| 015 | |a cnb003446644 | ||
| 020 | |a 9788075941145 |q (brožováno) | ||
| 035 | |a (OCoLC)1354196285 | ||
| 040 | |a ABG001 |b cze |e rda | ||
| 041 | 1 | |a cze |h eng | |
| 072 | 7 | |a 821.111-3 |x Anglická próza, anglicky psaná |2 Konspekt | |
| 080 | |a 821.111-31 |2 MRF | ||
| 080 | |a (0:82-312.9) |2 MRF | ||
| 100 | 1 | |a King, William, |d 1959- |7 jn20001227255 |4 aut | |
| 240 | 1 | 0 | |a Illidan. |l Česky |7 aun20221169409 |
| 245 | 1 | 0 | |a World of warcraft. |p Illidan / |c William King ; překlad Tomáš Kratochvíl |
| 246 | 3 | 0 | |a Illidan |
| 250 | |a 1. vydání | ||
| 264 | 1 | |a Ostrava : |b Fantom Print, |c 2022 | |
| 300 | |a 349 stran ; |c 21 cm | ||
| 336 | |a text |b txt |2 rdacontent | ||
| 337 | |a bez média |b n |2 rdamedia | ||
| 338 | |a svazek |b nc |2 rdacarrier | ||
| 500 | |a Přeloženo z angličtiny | ||
| 520 | 2 | |a Pokračování fantasy série ze světa videohry Warcraft. Illidanova spravedlivá vláda spravedlnosti a pomsty začala. |b Kdysi infiltroval čaroděj nočních elfů Illidan Plamennou legii, aby odvrátil její invazi do Azerothu. Místo aby ho oslavovali jako hrdinu, o něm jeho vlastní rasa začala pochybovat a označovat jej za Zrádce, jakmile zjistila, že nejspíš pomáhá démonům. Deset tisíc let Illidan strádal ve vězení. Nyní se Legie vrátila a existuje pouze jeden šampion, který se jí může skutečně postavit. Illidan, osvobozený z pout, se připravuje na finální střet s démony a shromažďuje armádu groteskních fel orků, hadích nagů, mazaných krvavých elfů a zvrácených lovců démonů. Jen on ví, jaké skryté motivy vedou jeho ruku. Stejně jako v minulosti jej napadají ti, kdo jeho plány považují za honbu za mocí. Čítá se mezi ně i jeho někdejší žalářnice, noční elfka Maiev Shadowsong. Dozorkyně a její věrní pronásledují Zrádce na Outland, aby si vymohli odplatu za jeho zločiny. Nakladatelská anotace. Kráceno. | |
| 546 | |a Český text | ||
| 655 | 7 | |a anglické romány |7 fd131814 |2 czenas | |
| 655 | 7 | |a fantasy romány |7 fd184199 |2 czenas | |
| 655 | 9 | |a English fiction |2 eczenas | |
| 655 | 9 | |a fantasy novels |2 eczenas | |
| 700 | 1 | |a Kratochvíl, Tomáš |7 ola2016901178 |4 trl | |
| 787 | 0 | 8 | |i Z cyklu: |t World of warcraft |g 15 |
| 900 | |a ABA001 |b 21 | ||
| 044 | |a xr | ||
| 910 | |a RBIT002 | ||
| 998 | |d 359527 |a https://core.palmknihy.cz/api/books/359527/cover?rhq415 |b https://core.palmknihy.cz/api/books/359527/cover/400?rhq415 |c https://core.palmknihy.cz/api/books/359527/cover/50?rhq415 |e 2026-09-16 |g 352 |i 9788075941145 |j https://core.palmknihy.cz/api/books/359527/preview.epub |l |q 49 |r 1 |s https://www.palmknihy.cz/kniha/359527 |t ebook |y 2022 |z 0 |v World of Warcraft |w 15 | ||
| 999 | |d 311653 | ||